{"text_format":"3","workbook":"xlsx","n_sheets":1,"sheets":["Worksheet"],"read":"whole","date_system":"1900"}

{"sheet":"Worksheet","index":0,"n_rows":52,"n_cols":11,"rows_kept":52}
["№","Фамилия","Имя","Отчество","Пол","Класс","Класс участия","Балл","Макс. балл","Статус","Учитель"]
[1,"Ведерников","Никита","Сергеевич","м",9,9,74,100,"участник","Глендало Татьяна Александровна"]
[2,"Баширов","Александр","Ренатович","м",9,9,74,100,"участник","Глендало Татьяна Александровна"]
[3,"Панков","Николай","Ильич","м",9,9,79,100,"призер","Глендало Татьяна Александровна"]
[4,"Мешалкин","Павел","Борисович","м",9,9,77,100,"призер","Глендало Татьяна Александровна"]
[5,"Махмутов","Динар","Ильфарович","м",9,9,52,100,"участник","Глендало Татьяна Александровна"]
[6,"Гайфутдинов","Ришат","Ильнарович","м",9,9,48,100,"участник","Глендало Татьяна Александровна"]
[7,"Ручин","Кирилл","Павлович","м",9,9,86,100,"победитель","Глендало Татьяна Александровна"]
[8,"Нуршаяхова","Аделия","Денисовна","ж",9,9,73,100,"победитель","Глендало Татьяна Александровна"]
[9,"Песигин","Артем","Андреевич","м",10,10,66,100,"призер","Глендало Татьяна Александровна"]
[10,"Галеев","Шамиль","Рамзесович","м",10,10,53,100,"участник","Глендало Татьяна Александровна"]
[11,"Сулиманкин","Данила","Сергеевич","м",10,10,85,100,"победитель","Глендало Татьяна Александровна"]
[12,"Абдуллин","Данил","Ильгизович","м",10,10,61,100,"призер","Глендало Татьяна Александровна"]
[13,"Еремеев","Никита","Александрович","м",11,11,58,100,"победитель","Глендало Татьяна Александровна"]
[14,"Иванова","Анна","Антоновна","ж",11,11,64,100,"победитель","Глендало Татьяна Александровна"]
[15,"Бадретдинова","Зиля","Рустемовна","ж",5,5,51,100,"призер","Глендало Татьяна Александровна"]
[16,"Павлова","Дарья","Вячеславовна","ж",5,5,65,100,"победитель","Глендало Татьяна Александровна"]
[17,"Денисов","Артём","Станиславович","м",5,5,34,100,"участник","Глендало Татьяна Александровна"]
[18,"Лойчик","Герман","Анатольевич","м",5,5,46,100,"призер","Глендало Татьяна Александровна"]
[19,"Сеитов","Тимур","Рустемович","м",5,5,51,100,"победитель","Глендало Татьяна Александровна"]
[20,"Шуматбаева","Дарья","Эдуардовна","ж",6,6,74,100,"победитель","Глендало Татьяна Александровна"]
[21,"Серова","Татьяна","Васильевна","ж",6,6,62,100,"призер","Глендало Татьяна Александровна"]
[22,"Козлова","Варвара","Артемовна","ж",6,6,70,100,"призер","Глендало Татьяна Александровна"]
[23,"Идкаев","Данияр","Ринатович","м",6,6,73,100,"победитель","Глендало Татьяна Александровна"]
[24,"Харисов","Амир","Ленарович","м",6,6,66,100,"участник","Глендало Татьяна Александровна"]
[25,"Маханько","Евгений","Дмитриевич","м",6,6,63,100,"участник","Глендало Татьяна Александровна"]
[26,"Фирстов","Максим","Андреевич","м",6,6,72,100,"призер","Глендало Татьяна Александровна"]
[27,"Шарафутдинов","Марат","Ильнурович","м",6,6,69,100,"призер","Глендало Татьяна Александровна"]
[28,"Сквозняков","Савелий","Олегович","м",5,5,56,100,"призер","Сибгатуллина Гульназ Тагировна"]
[29,"Теплов","Леонтий","Павлович","ж",5,5,59,100,"победитель","Сибгатуллина Гульназ Тагировна"]
[30,"Филиппова","Эльза","Валерьевна","ж",5,5,49,100,"участник","Сибгатуллина Гульназ Тагировна"]
[31,"Сархиванова","Полина","Антоновна","ж",5,5,58,100,"участник","Сибгатуллина Гульназ Тагировна"]
[32,"Воробьев","Роман","Антонович","м",7,7,68,100,"победитель","Сибгатуллина Гульназ Тагировна"]
[33,"Гаетов","Богдан","Вячеславович","м",7,7,54,100,"участник","Сибгатуллина Гульназ Тагировна"]
[34,"Нигматуллина","Диана","Руслановна","ж",7,7,51,100,"участник","Сибгатуллина Гульназ Тагировна"]
[35,"Зотина","Таисия","Евгеньевич","ж",7,7,71,100,"призер","Сибгатуллина Гульназ Тагировна"]
[36,"Зиятдинов","Тимур","Айратович","м",7,7,49,100,"участник","Сибгатуллина Гульназ Тагировна"]
[37,"Сидоров","Игорь","Дмитриевич","м",7,7,57,100,"призер","Сибгатуллина Гульназ Тагировна"]
[38,"Сквозняков","Матвей","Олегович","м",7,7,49,100,"участник","Сибгатуллина Гульназ Тагировна"]
[39,"Поляков","Кирилл","Константинович","м",8,8,64,100,"участник","Сибгатуллина Гульназ Тагировна"]
[40,"Шамсиева","Рената","Марселевна","ж",7,7,81,100,"победитель","Сибгатуллина Гульназ Тагировна"]
[41,"Васько","Рамиль","Романович","м",7,7,57,100,"участник","Сибгатуллина Гульназ Тагировна"]
[42,"Былин","Иван","Андреевич","м",8,8,72,100,"участник","Сибгатуллина Гульназ Тагировна"]
[43,"Яковлев","Тимур","Олегович","м",8,8,69,100,"призер","Сибгатуллина Гульназ Тагировна"]
[44,"Латыпов","Риназ","Русланович","м",8,8,62,100,"участник","Сибгатуллина Гульназ Тагировна"]
[45,"Давлетов","Саид","Рамильевич","м",8,8,56,100,"участник","Сибгатуллина Гульназ Тагировна"]
[46,"Арзамасов","Андрей","Вячеславович","м",8,8,64,100,"участник","Сибгатуллина Гульназ Тагировна"]
[47,"Чернова","Елизавета","Евгеньевна","ж",8,8,82,100,"участник","Сибгатуллина Гульназ Тагировна"]
[48,"Галанин","Семён","Евгеньевич","м",8,8,55,100,"участник","Сибгатуллина Гульназ Тагировна"]
[49,"Сабирова","Малика","Азатовна","ж",10,10,87,100,"призер","Сибгатуллина Гульназ Тагировна"]
[50,"Мансурова","Лиана","Ринатовна","ж",10,10,88,100,"победитель","Сибгатуллина Гульназ Тагировна"]
[51,"Горбунова","Екатерина","Максимовна","ж",10,10,80,100,"призер","Сибгатуллина Гульназ Тагировна"]